|
|
|
|
| LEADER |
05305nam a22005295i 4500 |
| 001 |
978-3-319-23341-3 |
| 003 |
DE-He213 |
| 005 |
20160318030358.0 |
| 007 |
cr nn 008mamaa |
| 008 |
151215s2016 gw | s |||| 0|eng d |
| 020 |
|
|
|a 9783319233413
|9 978-3-319-23341-3
|
| 024 |
7 |
|
|a 10.1007/978-3-319-23341-3
|2 doi
|
| 040 |
|
|
|d GrThAP
|
| 050 |
|
4 |
|a RA971.3-971.32
|
| 072 |
|
7 |
|a KCQ
|2 bicssc
|
| 072 |
|
7 |
|a MED002000
|2 bisacsh
|
| 082 |
0 |
4 |
|a 362.10681
|2 23
|
| 245 |
1 |
0 |
|a mHealth Ecosystems and Social Networks in Healthcare
|h [electronic resource] /
|c edited by Athina A. Lazakidou, Stelios Zimeras, Dimitra Iliopoulou, Dionysios-Dimitrios Koutsouris.
|
| 250 |
|
|
|a 1st ed. 2016.
|
| 264 |
|
1 |
|a Cham :
|b Springer International Publishing :
|b Imprint: Springer,
|c 2016.
|
| 300 |
|
|
|a XII, 214 p. 11 illus., 8 illus. in color.
|b online resource.
|
| 336 |
|
|
|a text
|b txt
|2 rdacontent
|
| 337 |
|
|
|a computer
|b c
|2 rdamedia
|
| 338 |
|
|
|a online resource
|b cr
|2 rdacarrier
|
| 347 |
|
|
|a text file
|b PDF
|2 rda
|
| 490 |
1 |
|
|a Annals of Information Systems,
|x 1934-3221 ;
|v 20
|
| 505 |
0 |
|
|a Emerging mHealth Ecosystems Based on Innovative Technologies and Services -- Wearable Health Monitoring Systems -- Citizen Engagement in the mHealth Ecosystem Using Mobiles and Wearable Devices -- Innovative mHealth Ecosystems -- Mobile-Health Tool Use and Community Health Worker Performance in the Kenyan Context -- Design of Wearable Health Monitoring Systems -- mHealth Ecosystem Based on a Non-Invasive Commercial Hemodynamic Monitoring System Used for Heart Failure Patients as Portable Point of Care -- How Knowledge Flows Through Social Networks and Communities of Practice in a Healthcare Project -- A Context-Aware Social Networking Platform Built Around the Needs of Elderly Users -- Cost Effectiveness in Healthcare Using Social Networks -- Social Networks and Web-Based Applications in the Healthcare Sector -- Knowledge Sharing in Health Innovation Projects -- Social Networks Medical Image Steganography -- Studying the Information Behavior of Healthcare Professionals in a Greek Private Clinic Using Social Networks Models.
|
| 520 |
|
|
|a Chapter 1: Emerging mHealth Ecosystems based on innovative technologies and services Vassileia Costarides, Kostas Giokas and Dimitris Koutsouris Chapter 2: Wearable Health Monitoring Systems: An overview of design research areas Amine Boulemtafes and Nadjib Badache Chapter 3: Citizen Engagement in the mHealth Ecosystem Using Mobiles and Wearable Devices Ioannis Kouris and Dimitrios Koutsouris Chapter 4: Innovative mHealth Ecosystems Dimitrios Tsoromokos, Zacharias Dermatis, Filippos Gozadinos and Athina Lazakidou Chapter 5: Mobile-Health Tool Use and Community Health Worker Performance in the Kenyan Context: A Comparison of Task-Technology Fit Perspectives Maradona C. Gatara Chapter 6: Design of Wearable Health Monitoring Systems: An overview of techniques and technologies< Nadjib Badache and Amine Boulemtafes Chapter 7: M-Health ecosystem based of a non-invasive commercial hemodynamic monitoring system used for heart failure patients, as portable point of care Petros Toumpaniaris, Kostas Giokas and Dimitris Koutsouris Chapter 8: How Knowledge Flows Through Social Networks and Communities of Practice in a Healthcare Project Maria Tsouri, Kleopatra Alamantariotou, Ourania Pediaditaki, Vikentia Harizopoulou and Georgia Kontosorou Chapter 9: A context-aware social networking platform built around the needs of elderly users: The Go-myLife experience Maria Haritou, Athanasios Anastasiou, Maria Schwarz-Woelzl, Teresa Holocher-Ertl, Michael Mulquin, Idoia Olalde, Ioannis Kouris and Dimitris Koutsouris Chapter 10: Cost effectiveness in healthcare using social networks Stelios Zimeras Chapter 11: Social Networks and Web-based Applications in the Healthcare Sector Athina Lazakidou Chapter 12: Knowledge Sharing in Health Innovation Projects: Experiential Learning from Collaborating in a Project-Based Working Group Focusing in Knowledge Transfer in Maternity Services Best Practice (COST Projects IS 0907) Kleopatra Alamantariotou and Katerina Nicolopoulou Chapter 13: Social Networks Medical Image Steganography using Sub-Fibonacci Sequences Nikolaos G. Aroukatos, Kostas Manes and Stelios Zimeras Chapter 14: Studying the information behavior of healthcare professionals in a Greek private clinic using social networks models P. Kostagiolas, Stelios Zimeras, G. Alexias and Z. Siskou.
|
| 650 |
|
0 |
|a Business.
|
| 650 |
|
0 |
|a Health care management.
|
| 650 |
|
0 |
|a Health services administration.
|
| 650 |
|
0 |
|a Health informatics.
|
| 650 |
1 |
4 |
|a Business and Management.
|
| 650 |
2 |
4 |
|a Health Care Management.
|
| 650 |
2 |
4 |
|a Information Systems Applications (incl. Internet).
|
| 650 |
2 |
4 |
|a Health Informatics.
|
| 700 |
1 |
|
|a Lazakidou, Athina A.
|e editor.
|
| 700 |
1 |
|
|a Zimeras, Stelios.
|e editor.
|
| 700 |
1 |
|
|a Iliopoulou, Dimitra.
|e editor.
|
| 700 |
1 |
|
|a Koutsouris, Dionysios-Dimitrios.
|e editor.
|
| 710 |
2 |
|
|a SpringerLink (Online service)
|
| 773 |
0 |
|
|t Springer eBooks
|
| 776 |
0 |
8 |
|i Printed edition:
|z 9783319233406
|
| 830 |
|
0 |
|a Annals of Information Systems,
|x 1934-3221 ;
|v 20
|
| 856 |
4 |
0 |
|u http://dx.doi.org/10.1007/978-3-319-23341-3
|z Full Text via HEAL-Link
|
| 912 |
|
|
|a ZDB-2-BUM
|
| 950 |
|
|
|a Business and Management (Springer-41169)
|